[Event "12ème tournoi de MI"]
[Site "?"]
[Date "2012.07.10"]
[Round "4"]
[White "Cotonnec, Melkior"]
[Black "Pucher, Sebastien"]
[Result "1/2-1/2"]
[WhiteElo "2389"]
[BlackElo "2217"]
[Annotator "Navrotescu,Catalin"]
[PlyCount "124"]

1. d4 d5 2. c4 e6 3. e3 Nf6 4. Nf3 Nbd7 5. Nc3 c6 6. Bd3 dxc4 7. Bxc4 b5 8. Be2
Bb7 9. e4 b4 10. e5 bxc3 11. exf6 Nxf6 (11... cxb2 12. fxg7 bxa1=Q 13. gxh8=Q
Qa5+ 14. Nd2 Qf5 15. O-O O-O-O 16. Qb3 Nc5 17. Qe3 Bh6 18. Qxd8+ Kxd8 19. Qxh6
Qxd4 20. Nf3 Qh8 21. Qe3 Kc8 22. Ba3 Nd7 23. Qxa7 Qd8 24. Nd4 Qfa5 25. Nxc6
Qxa7 26. Nxa7+ Kb8 27. Nb5 Qg5 28. Bd6+ Ka8 29. Nc7+ Ka7 30. Nb5+ Ka8 31. Nc7+
Ka7 32. Nb5+ Ka8 {1/2-1/2 Shimanov,A (2600)-Matlakov,M (2668)/Tyumen RUS 2012/
The Week in Chess 920}) 12. bxc3 Bd6 13. Rb1 Qc7 14. Qb3 Rb8 15. Ba3 O-O 16.
Bxd6 Qxd6 17. O-O Nd5 18. Qc4 Rfc8 19. Nd2 Nf6 20. Qc5 Qxc5 21. dxc5 Nd7 22.
Ne4 Ba8 23. Rxb8 Rxb8 24. Rd1 Rd8 25. Rd4 (25. Ba6 Kf8 {Diagram #} 26. Bc8 Ke7
27. Bxd7 Rxd7 28. Nd6 $14) 25... Kf8 26. Ra4 f5 27. Ng5 Nxc5 28. Rxa7 h6 29.
Nf3 Bb7 30. Nd4 Ra8 31. Rxa8+ Bxa8 32. Bf3 Ke7 33. Bxc6 Bxc6 34. Nxc6+ Kd6 35.
Na5 Na4 36. c4 Nc3 37. Nb7+ Kc6 38. Nd8+ Kd7 39. Nf7 Nxa2 40. f4 Kc6 41. Kf2
Kc5 42. Nd8 Kxc4 43. Nxe6 g6 44. Nf8 (44. h4 Nc3 45. Nf8 Ne4+ 46. Kf3 Kd3 47.
g3 (47. Nxg6 Nd2+ 48. Kf2 Ne4+ $11) 47... Nd2+ 48. Kg2 Nc4 49. Nxg6) 44... g5
45. fxg5 hxg5 46. g4 Kd5 47. h4 gxh4 48. g5 Ke5 49. Nd7+ Ke6 50. g6 Nc3 51. Kg2
Ne4 52. g7 Kf7 53. Kh3 Kxg7 54. Kxh4 Kg6 55. Nf8+ Kf6 56. Kh3 Nc5 57. Kh4 Ke5
58. Kg3 Ne4+ 59. Kf3 Ng5+ 60. Kf2 Ke4 61. Ng6 Ne6 62. Ke2 Nf4+ 1/2-1/2

[Event "12ème tournoi de MI"]
[Site "?"]
[Date "2012.07.10"]
[Round "4"]
[White "Bernotas, Arturs"]
[Black "Amoyal, Pierre"]
[Result "1-0"]
[WhiteElo "2261"]
[BlackElo "2155"]
[Annotator "Navrotescu,Catalin"]
[PlyCount "89"]

1. e4 d5 2. exd5 Qxd5 3. Nc3 Qd6 4. d4 Nf6 5. Nf3 c6 6. Ne5 Nbd7 7. Bf4 Nd5 8.
Nxd5 Qxd5 9. Qd3 (9. Nf3 Nb6 10. Be2 Bf5 11. c3 e6 12. O-O Qe4 13. Bg3 Qc2 14.
Nh4 Qxd1 15. Raxd1 Be4 16. Rfe1 O-O-O 17. Nf3 Bxf3 18. Bxf3 Bd6 19. Kf1 Bxg3
20. hxg3 Rd7 21. b3 Rhd8 22. Rc1 Nd5 23. Re5 h6 24. Bxd5 Rxd5 $11 {1/2-1/2
Quesada Perez,Y (2625)-Ivanchuk,V (2764)/Havana CUB 2012/The Week in Chess 913
(33)}) 9... e6 (9... Nxe5 10. Bxe5 f6 11. Bg3 Bf5 $11) 10. Nc4 Be7 {Diagram #}
11. Be2 $1 Nb6 (11... Qxg2 12. O-O-O Qxf2 13. Rdf1 Qh4 14. Nd6+ Bxd6 15. Bxd6
$40) 12. Ne3 Qa5+ 13. c3 Nd5 14. Be5 f6 15. Bg3 O-O 16. O-O f5 $6 (16... Qd8
17. Nc4 b5 18. Nd2 Bd7) 17. Be5 Qd8 18. f4 Bd7 19. c4 Nf6 20. Bf3 Be8 21. Rfd1
Nd7 22. c5 Nxe5 23. fxe5 b5 24. a4 a6 25. axb5 (25. Qb3 Bg5 26. Nc2 Kf7 {
Diagram #} 27. d5 $1 cxd5 28. Bxd5 exd5 29. Rxd5) 25... axb5 26. Rxa8 Qxa8 27.
Qxb5 f4 28. Nf1 Bd7 29. Qc4 Rb8 30. Bg4 Kf7 31. Qc1 g5 32. Nd2 Qa2 33. Nc4 Rb4
34. Be2 Bc8 35. Qb1 (35. Qc3) 35... Qxb1 36. Rxb1 Ba6 37. b3 Kg6 38. Ra1 Bxc4 (
38... Bb5) 39. Bxc4 Kf5 40. Ra7 Bd8 41. Bd3+ Kg4 42. Kf2 h6 43. h3+ Kh5 44. Bc4
Kg6 45. Ra6 1-0

[Event "12ème tournoi de MI"]
[Site "?"]
[Date "2012.07.10"]
[Round "4"]
[White "Ornstein, Axel"]
[Black "Barbot, Pierre"]
[Result "1/2-1/2"]
[WhiteElo "2392"]
[BlackElo "2271"]
[Annotator "Navrotescu,Catalin"]
[PlyCount "87"]

1. c4 c5 2. Nf3 Nf6 3. Nc3 Nc6 4. g3 d5 5. cxd5 Nxd5 6. Bg2 Nc7 7. a3 e5 8. b4
f6 9. Rb1 (9. bxc5 Bxc5 10. O-O O-O 11. Rb1 Kh8 12. d3 Ne6 13. Nd2 Ned4 14. e3
Ne6 15. Nc4 Qe7 16. Qa4 Rd8 17. Rd1 Qe8 18. Nd5 Qh5 19. h4 Ned4 20. g4 Qxg4 21.
exd4 Nxd4 22. Nde3 Nf3+ 23. Kf1 Bxe3 24. Bxf3 Qxf3 25. Nxe3 Bh3+ 26. Ke1 f5 27.
Bb2 f4 28. Qe4 Qxe4 29. dxe4 fxe3 {1/2-1/2 Petkov,V (2429)-Lagarde,M (2352)/
Saint Affrique 2009/EXT 2010 (58)}) 9... Rb8 10. bxc5 Bxc5 11. O-O O-O 12. d3
Be6 13. Qc2 Be7 14. Ne4 Bf7 15. Rd1 Ne6 16. e3 Qd7 $6 (16... Rc8 17. Qe2 Qd7
18. Bb2 Rfd8 19. d4 exd4 20. Nxd4 Ncxd4 21. exd4 b6 22. a4 Bf8) 17. d4 exd4 18.
exd4 f5 19. Ne5 Qc8 {Diagram #} 20. Nxc6 $2 (20. Nxf7 Rxf7 21. d5 fxe4 22. dxe6
Qxe6 23. Bxe4 Rd8 24. Bxh7+ Kh8 25. Be3 $18) 20... bxc6 21. Rxb8 Qxb8 22. Nc3
Bh5 23. Qa2 Qd6 24. Re1 Bf7 25. d5 Nc7 26. Bf4 Qd8 27. Qe2 Bf6 28. Qd3 Nxd5 29.
Nxd5 Bxd5 30. Qxf5 Bxg2 31. Kxg2 Re8 $6 (31... Qd5+ 32. Qxd5+ cxd5 33. Rc1 g5
34. Bd6 Rd8 $11) 32. Rxe8+ Qxe8 33. Be3 a6 34. h4 h5 35. Qa5 (35. a4 Kh8 36.
Kg1 Kg8 37. Qa5) 35... Qe4+ 36. Kg1 Qb1+ 37. Kh2 Qb5 38. Qc7 g6 39. Qd6 Kg7 40.
Qd7+ Kg8 41. Qe8+ Kg7 42. Qd7+ Kg8 43. Qd6 Kf7 44. Qd7+ 1/2-1/2

[Event "12ème tournoi de MI"]
[Site "?"]
[Date "2012.07.10"]
[Round "4"]
[White "Bakalarz, Mietek"]
[Black "Valuet, Bertrand"]
[Result "0-1"]
[WhiteElo "2323"]
[BlackElo "2316"]
[Annotator "Navrotescu,Catalin"]
[PlyCount "122"]

1. e4 e5 2. Nf3 Nc6 3. Bc4 Nf6 4. d4 exd4 5. e5 Ng4 6. O-O d6 7. Bg5 (7. exd6
Qxd6 8. Na3 a6 9. h3 Nh6 10. Re1+ Be7 11. Bg5 Nf5 12. Bb3 O-O 13. Nc4 Qd8 14.
Bxe7 Nfxe7 15. Nce5 h6 16. Qd3 Nxe5 17. Rxe5 Nc6 18. Rh5 Qf6 19. g4 Be6 20. g5
Qg6 21. Qxg6 fxg6 22. Bxe6+ Kh7 23. Rh4 Rxf3 24. Bd5 Rf5 {1/2-1/2 Efimenko,Z 
(2654)-Short,N (2706)/Mukachevo 2009/CBM 133 (32)}) 7... Be7 8. Bxe7 Qxe7 9.
exd6 Qxd6 10. Re1+ Be6 11. h3 Nge5 12. Nxe5 Nxe5 13. Bxe6 fxe6 14. Na3 $6 (14.
Qe2 Nc6 15. Qxe6+ Qxe6 16. Rxe6+ Kf7 17. Re4 $11) 14... O-O-O 15. Qe2 {Diagram
#} d3 $1 16. cxd3 Nxd3 17. Red1 (17. Qxe6+ Qxe6 18. Rxe6 Rhe8 19. Rxe8 Rxe8 20.
b3 Re2 $17) 17... Qe5 18. Qxe5 Nxe5 19. Re1 Rd5 20. Re2 Rhd8 $17 21. Kh2 R8d6
22. Rc1 Kd7 23. Rc3 b5 24. Rg3 g6 25. Re4 Kc8 26. b3 Nc6 27. Rh4 Rd7 28. Nc2
Rd2 29. Rc3 Kb7 30. f3 e5 31. a4 Nd4 $19 32. Nxd4 exd4 33. Rc5 bxa4 34. Rb5+
Kc6 35. bxa4 a6 36. Rb1 Ra2 37. Rc1+ Kb6 38. Rb1+ Ka7 39. Re4 d3 40. Rd1 d2 41.
Rc4 c5 42. Rxc5 Rxa4 43. Rc2 Rad4 44. Ra2 R7d5 45. f4 Kb6 46. g4 Kb5 47. f5
gxf5 48. gxf5 Rxf5 49. Rdxd2 Rxd2+ 50. Rxd2 a5 51. Rb2+ Kc4 52. Rb7 h5 53. Rc7+
Kb4 54. Rb7+ Rb5 55. Ra7 a4 56. Kg3 a3 57. Kf2 Kb3 58. Re7 a2 59. Re3+ Ka4 60.
Re4+ Rb4 61. Re8 Ka3 0-1

[Event "12ème tournoi de MI"]
[Site "?"]
[Date "2012.07.11"]
[Round "6"]
[White "Miron, Lucian Costin"]
[Black "Cotonnec, Melkior"]
[Result "1/2-1/2"]
[WhiteElo "2506"]
[BlackElo "2389"]
[Annotator "Navrotescu,Catalin"]
[PlyCount "102"]

1. d4 d5 2. c4 c6 3. Nf3 Nf6 4. e3 Bf5 5. Nc3 e6 6. Nh4 Bg6 7. Nxg6 hxg6 8. g3
Nbd7 9. Qe2 Be7 10. Bg2 a6 (10... O-O 11. O-O dxc4 12. Rd1 Qc7 13. Qxc4 e5 14.
dxe5 Nxe5 15. Qe2 Rad8 16. f4 Rxd1+ 17. Nxd1 Ned7 18. e4 Nc5 19. Nf2 Ne6 20.
Be3 Bc5 21. Bxc5 Nxc5 22. Qe3 Qa5 23. Rd1 Ne6 24. a3 Rd8 25. Rxd8+ Nxd8 26. b4
Qb6 27. Qxb6 axb6 28. e5 $14 {1-0 Azmaiparashvili,Z (2632)-Alsina Leal,D (2428)
/Dresden 2007/CBM 118 (76)}) 11. O-O b5 12. b3 O-O 13. Bb2 Qa5 (13... bxc4 14.
bxc4 Nb6 15. c5 Nc4 16. Rab1 Rb8 17. Ba1 Qc7 18. e4 $14) 14. c5 e5 $2 (14... b4
15. Nb1 Qb5) 15. dxe5 Nxe5 16. Nxd5 Nxd5 17. Bxe5 Bxc5 18. Rac1 Qb6 {Diagram #}
19. Bxd5 (19. Bb2 $1 Rad8 20. Qc2 Nxe3 21. Qxc5) 19... cxd5 20. Rfd1 Ba3 21.
Bb2 Bxb2 22. Qxb2 Rad8 23. Rd4 (23. Qd4 $1) 23... Rfe8 24. Rcd1 Re5 25. R1d3
Qe6 26. Qd2 g5 27. Qd1 g6 28. h4 Kg7 29. hxg5 Rxg5 30. e4 Rh8 $6 (30... dxe4
31. Rxd8 exd3 32. Qxd3 Rf5 33. Qd2 Qf6 $11) 31. Rxd5 Qxe4 32. Qa1+ Kh7 33. R5d4
(33. Rxg5 Qxd3 {Diagram #} 34. Rg4 $1 f6 (34... Kg8 35. Rd4) 35. Rh4+ Kg7 36.
Rxh8 Kxh8 37. Qxf6+) 33... Qf5 34. Rh4+ Rh5 35. Rxh5+ Qxh5 36. Qf6 Rf8 37. g4
Qh6 38. Kg2 Kg8 39. Rd6 a5 40. Rd5 Re8 41. Qc6 (41. Rxb5 Qd2 42. a4 Rd8 43. g5
$16) 41... Re1 42. Rh5 Qf8 43. Rxb5 Qd8 44. Rb7 Qd3 45. Kh2 $2 (45. Rd7 Qf1+
46. Kg3 Qg1+ 47. Qg2 $14) 45... Qd4 46. Rb8+ Kg7 47. Qf3 {Diagram #} Qe5+ $2 (
47... Qd6+ 48. Qg3 Qc6 49. Qg2 Qc7+ 50. Qg3 Qc1) 48. Qg3 Qa1 49. Qf3 Qe5+ 50.
Qg3 Qa1 51. Qf3 Qe5+ 1/2-1/2

[Event "12ème tournoi de MI"]
[Site "?"]
[Date "2012.07.11"]
[Round "6"]
[White "Bernotas, Arturs"]
[Black "Bouget, Alexandre"]
[Result "1-0"]
[WhiteElo "2261"]
[BlackElo "2202"]
[Annotator "Navrotescu,Catalin"]
[PlyCount "51"]

1. e4 e5 2. Nf3 Nc6 3. d4 exd4 4. Nxd4 Nf6 5. Nxc6 bxc6 6. e5 Qe7 7. Qe2 Nd5 8.
c4 Ba6 9. b3 g6 10. g3 Bg7 11. Bb2 O-O-O (11... O-O 12. Bg2 Rae8 13. O-O Bxe5
14. Qxe5 Qxe5 15. Bxe5 Rxe5 16. cxd5 Bxf1 17. Kxf1 cxd5 18. f4 Re3 19. Bxd5 Rd3
20. Bf3 Re8 21. Kf2 c6 22. Be2 Rde3 23. Bd1 Rd3 24. Be2 Rde3 25. Bd1 Rd3 {1/
2-1/2 Carlsen,M (2802)-Aronian,L (2801)/Moscow 2010/EXT 2011}) 12. Nd2 Rhe8 13.
O-O-O Kb8 14. Bg2 Bxe5 $2 (14... d6 15. Qe4 Nb6 16. Qxc6 Bxe5 17. Rhe1 Bxb2+
18. Kxb2 Qf6+ 19. Kc2 Re6 $13) 15. Qxe5 Qxe5 16. Bxe5 Rxe5 17. cxd5 $18 cxd5
18. Rde1 Rde8 19. Rxe5 Rxe5 20. f4 Re2 21. Bf3 Re7 22. Bxd5 c6 23. Bc4 Bxc4 24.
bxc4 Re2 25. Kc2 Kc7 26. Kd3 1-0

[Event "12ème tournoi de MI"]
[Site "?"]
[Date "2012.07.11"]
[Round "6"]
[White "Barbot, Pierre"]
[Black "Valuet, Bertrand"]
[Result "1-0"]
[WhiteElo "2271"]
[BlackElo "2316"]
[Annotator "Navrotescu,Catalin"]
[PlyCount "49"]

1. e4 c5 2. Nf3 d6 3. d4 cxd4 4. Nxd4 Nf6 5. Nc3 a6 6. Be3 e5 7. Nb3 Be6 8. Qd2
Nbd7 9. O-O-O Rc8 10. f4 b5 11. Kb1 Be7 12. f5 Bc4 13. g4 Nxg4 14. Rg1 Ndf6 (
14... Nxe3 15. Qxe3 Qb6 16. Qg3 Nf6 17. Bxc4 Rxc4 18. Nd2 Rd4 19. Qe3 Qc5 20.
Rxg7 h5 21. Rgg1 Ng4 22. Qe2 Nf6 23. Rde1 Qc7 24. Nb3 Rc4 25. Rd1 Qb6 26. Rg2
h4 27. h3 Kd7 28. Nd5 Nxd5 29. Rxd5 Rhc8 30. Qh5 Rf8 31. a3 Qe3 32. f6 Bd8 33.
Qxe5 {1-0 Ni Hua (2701)-Vitiugov,N (2681)/Sochi 2009/CBM 131 Extra}) 15. h3 b4
16. Nd5 Nxe4 $6 (16... Nxd5 17. Rxg4 Nxe3 18. Qxe3 Bxf1 19. Rxf1 Bf6 20. Rd1
Qc7 $13) 17. Qxb4 Nxe3 18. Nxe3 d5 $2 (18... Bxf1 19. Qxe4 Be2 20. Rde1 Bb5 21.
Rxg7 Bf6 22. Rg2 Bc6 23. Nd5 $16) 19. Qa4+ Bb5 20. Bxb5+ axb5 21. Qxb5+ Kf8 22.
Rxd5 Qc7 23. Rxe5 Nd6 24. Qd3 Qb6 25. Rxe7 1-0

[Event "12ème tournoi de MI"]
[Site "?"]
[Date "2012.07.11"]
[Round "6"]
[White "Bakalarz, Mietek"]
[Black "Pucher, Sebastien"]
[Result "1/2-1/2"]
[WhiteElo "2323"]
[BlackElo "2217"]
[Annotator "Navrotescu,Catalin"]
[PlyCount "99"]

1. e4 c5 2. c3 Nf6 3. e5 Nd5 4. d4 cxd4 5. Nf3 d6 6. Qxd4 e6 7. Nbd2 Nc6 8. Bb5
Bd7 9. Bxc6 Bxc6 10. Nc4 dxe5 11. Nfxe5 (11. Ncxe5 h6 12. O-O Qb6 13. Nxc6 bxc6
14. Rd1 Qxd4 15. Nxd4 Rc8 16. c4 Nb6 17. b3 a6 18. Be3 c5 19. Ne2 Be7 20. Rd2
f6 21. Rad1 Kf7 22. Nc3 Rc6 23. Ne4 f5 24. Nd6+ Kf6 25. f4 $14 {1/2-1/2
Vysochin,S (2550)-Oleksienko,M (2559)/Lvov 2010/CBM 139 Extra (44)}) 11... Bb5
12. a4 Ba6 13. b4 Bxc4 14. Qxc4 a6 15. Bd2 Bd6 16. Nf3 Rc8 17. Qe4 Qc7 18. O-O
O-O 19. Rfe1 Qc4 (19... Bf4 $1 20. Rac1 Rfd8 21. Bxf4 Qxf4 22. Qxf4 Nxf4 23.
Re4 Nd3 24. Rd1 Rxc3 $17) 20. Rad1 Rfd8 21. Qb1 (21. Ng5 Qxe4 22. Nxe4) 21...
Nxc3 22. Bxc3 Qxc3 $17 23. b5 Qb4 24. Re4 Qxb1 25. Rxb1 a5 26. g3 Bb4 27. Rb2
Kf8 28. Ne5 f6 29. Nf3 e5 30. Ree2 g6 31. g4 Rd3 32. Kg2 Rc4 33. h3 Kf7 34.
Rbc2 Rxc2 35. Rxc2 Rc3 36. Re2 Rc4 $2 {Diagram #} (36... Ra3 37. g5 Rxa4 38.
gxf6 Kxf6 39. Nxe5 Be7 40. Ng4+ Kf7 41. Ne5+ Ke8 42. Rc2 Rb4 $19) 37. Rxe5 Bd6
38. Rd5 Ke6 39. Rd1 Rxa4 40. Nd4+ Ke7 41. Re1+ Kf7 42. Rd1 Ra2 (42... Be7 $142
43. Ne2 Rb4 44. Nc3 Rb3) 43. Nf5 Bc5 44. Nd6+ Ke7 45. Nxb7 Bxf2 46. Kf3 a4 47.
Nd6 Bc5 48. Ne4 Rc2 (48... Bb6 49. Nc3 Ra3 50. Rd3 Ke6 51. Ke2 f5 $17) 49. Ra1
a3 50. Nxc5 1/2-1/2

[Event "12ème tournoi de MI"]
[Site "?"]
[Date "2012.07.11"]
[Round "6"]
[White "Ornstein, Axel"]
[Black "Amoyal, Pierre"]
[Result "1-0"]
[WhiteElo "2392"]
[BlackElo "2155"]
[Annotator "Navrotescu,Catalin"]
[PlyCount "49"]

1. Nf3 Nf6 2. c4 g6 3. Nc3 d5 4. cxd5 Nxd5 5. Qa4+ Bd7 6. Qc2 Nb6 7. d4 Bg7 8.
e4 O-O 9. Be3 Nc6 10. d5 Nb4 (10... Ne5 11. Nxe5 Bxe5 12. Rd1 Qe8 13. Be2 c6
14. O-O cxd5 15. Nxd5 Nxd5 16. exd5 Bb5 17. Bh6 Bg7 18. Bxg7 Kxg7 19. Rfe1 Rd8
20. Bf3 Rd6 21. Qc7 Qd7 22. Rxe7 $16 {1-0 Volzhin,A (2528)-Baikov,V (2431)/
Elista 2001/EXT 2004/[Volzhin] (32)}) 11. Qb3 a5 12. a3 Na6 13. Rd1 Bg4 14. Be2
Rb8 15. O-O Nd7 16. h3 Nac5 17. Qc2 Bxf3 18. Bxf3 b6 (18... a4) 19. Be2 f5 $2
20. exf5 gxf5 21. f4 Nb7 22. Nb5 Rc8 23. Bd3 Nd6 24. Nxd6 cxd6 25. Qb1 1-0

[Event "12ème tournoi de MI"]
[Site "?"]
[Date "2012.07.12"]
[Round "7"]
[White "Pucher, Sebastien"]
[Black "Ornstein, Axel"]
[Result "1-0"]
[WhiteElo "2217"]
[BlackElo "2392"]
[Annotator "Navrotescu,Catalin"]
[PlyCount "105"]

1. e4 c5 2. Nf3 d6 3. d4 Nf6 4. Nc3 cxd4 5. Nxd4 Nc6 6. g3 g6 7. Nde2 Bg7 8.
Bg2 O-O 9. O-O Bd7 10. h3 Rc8 (10... Rb8 11. a4 a6 12. Be3 b5 13. axb5 axb5 14.
Nd5 b4 15. Re1 Re8 16. Ra2 Be6 17. Nd4 Nxd4 18. Bxd4 Nxd5 19. exd5 Bxd4 20.
Qxd4 Bf5 21. b3 Qb6 22. Qxb6 Rxb6 23. g4 Bc8 24. Bf1 e5 25. dxe6 Bxe6 26. Bd3
Kg7 27. Ra7 $14 {1-0 Malakhov,V (2721)-Gao Rui (2464)/China 2010/EXT 2011 (59)}
) 11. a4 Qc7 12. Be3 a6 13. Rc1 Qb8 14. Nd5 b5 15. Nb6 Rc7 16. axb5 axb5 17.
Qd2 Be6 18. b3 Ne5 (18... Ra7 19. Qd3 Nd7 20. Nxd7 Rxd7 $11) 19. f4 Ned7 20.
Nd5 Bxd5 21. exd5 Nb6 22. Qd3 Rfc8 (22... b4) 23. c3 Qb7 24. Nd4 b4 25. c4 Nbd7
{Diagram #} 26. Nc6 (26. Ne6 $1 fxe6 27. dxe6 Qb8 28. exd7 Rxd7 29. f5 d5 30.
cxd5 Rcd8 31. Bf2 Nxd5 32. fxg6) 26... Nc5 27. Bxc5 dxc5 28. Rfe1 Ne8 29. Qe3 {
Diagram #} Qxc6 30. dxc6 Bd4 31. Rcd1 Bxe3+ 32. Rxe3 Ng7 33. g4 Ne6 34. Rd7
Rxd7 35. cxd7 Rd8 36. f5 gxf5 37. gxf5 Nd4 38. Rxe7 Kg7 39. Bd5 Nxf5 40. Rxf7+
$18 Kg6 41. Kf2 Nd4 42. Ke3 Nxb3 43. Kf4 Nd2 44. Ke5 b3 45. Rf2 Nxc4+ 46. Bxc4
Rxd7 47. Rg2+ Kh5 48. Bxb3 Rd3 49. Be6 c4 50. Bf5 Rb3 51. Rg7 h6 52. Rg4 Rxh3
53. Kf4 1-0

[Event "12ème tournoi de MI"]
[Site "?"]
[Date "2012.07.12"]
[Round "7"]
[White "Bouget, Alexandre"]
[Black "Bakalarz, Mietek"]
[Result "1-0"]
[WhiteElo "2202"]
[BlackElo "2323"]
[Annotator "Navrotescu,Catalin"]
[PlyCount "79"]

1. d4 d5 2. c4 Nc6 3. Nf3 Bg4 4. Qa4 (4. cxd5 Bxf3 5. gxf3 Qxd5 6. e3 e5 7. Nc3
Bb4 8. Bd2 Bxc3 9. bxc3 Nge7 10. c4 Qd6 11. d5 Nb8 12. Rb1 b6 13. Bb4 c5 14.
dxc6 Qxc6 15. Bd3 Qe6 16. c5 Nbc6 17. cxb6 Nxb4 18. Rxb4 axb6 19. Qb3 {1/2-1/2
Grischuk,A (2773)-Carlsen,M (2814)/Wijk aan Zee 2011/CBM 141}) 4... dxc4 5. e3
a6 6. Qxc4 Nf6 7. Be2 Qd5 8. Qa4 b5 9. Qb3 Qxb3 $2 (9... e6 10. O-O Bd6 11. h3
Bh5 $11) 10. axb3 Ra7 11. Nc3 e6 12. Ne5 Nxe5 13. dxe5 Bxe2 14. Kxe2 Nd7 15.
Nxb5 Rb7 16. Nd4 Nb8 17. Bd2 c5 18. Nf3 Rxb3 19. Bc3 Be7 20. Nd2 Rb5 21. Nc4
Kd7 22. Rhd1+ Kc8 23. f4 h5 24. e4 Rd8 25. Rxd8+ Kxd8 26. f5 g6 27. f6 Bf8 28.
h3 Rb7 29. g4 hxg4 30. hxg4 Nd7 31. Rxa6 $18 Kc7 32. Ra1 Kb8 33. Rh1 Ka7 34.
Rh7 Nb6 35. Na5 Rc7 36. Nc6+ Ka6 37. Nd8 Rd7 38. Nxf7 c4 39. Ng5 Rd3 40. Nxe6
1-0

[Event "12ème tournoi de MI"]
[Site "?"]
[Date "2012.07.12"]
[Round "7"]
[White "Amoyal, Pierre"]
[Black "Barbot, Pierre"]
[Result "0-1"]
[WhiteElo "2155"]
[BlackElo "2271"]
[Annotator "Navrotescu,Catalin"]
[PlyCount "108"]

1. d4 Nf6 2. c4 g6 3. Nc3 d5 4. cxd5 Nxd5 5. e4 Nxc3 6. bxc3 Bg7 7. Be3 c5 8.
Qd2 Qa5 9. Rc1 O-O 10. Nf3 Rd8 11. d5 e6 12. Bg5 Rd7 (12... f6 13. Be3 Nc6 14.
Bd3 exd5 15. exd5 c4 16. Bxc4 Be6 17. Rd1 Ne7 18. dxe6 Rxd2 19. Rxd2 Qxc3 20.
Bb3 Qc1+ 21. Rd1 Qc3+ 22. Rd2 Qc1+ 23. Rd1 Qc3+ 24. Ke2 a5 25. Rd7 a4 26. Rc1
Qb2+ 27. Rc2 Qb1 28. Nd2 axb3 29. Nxb1 bxc2 30. Nc3 Nf5 31. Bd2 h5 32. Kd3 b5
33. e7 Re8 34. Nd5 Kf7 35. Kxc2 Rc8+ 36. Nc7 Nxe7 37. Bb4 Bf8 38. Kb3 Rb8 39.
Nd5 Ke6 40. Rd6+ Ke5 41. f4+ {1-0 Leko,P (2720)-Topalov,V (2768)/Porto Carras
2011/EXT 2012}) 13. c4 Nc6 14. Qxa5 Nxa5 15. Bd2 b6 16. Be2 Ba6 17. O-O Nb7 18.
Bc3 exd5 19. exd5 Re8 20. Bd3 Nd6 21. Bd2 h6 22. h4 Rdd8 23. Nh2 $2 (23. Bf4
Ne4 24. Rfe1 Nc3 25. Bc7) 23... Ne4 24. Be3 (24. Rfd1) 24... Nc3 25. Rxc3 (25.
Bxh6 Nxd5 26. Bxg7 Kxg7 27. Rfe1 Nb4 28. Bf1 Nxa2) 25... Bxc3 26. Bxh6 b5 27.
cxb5 Rxd5 28. Bc4 Rd4 29. Bxf7+ Kxf7 30. bxa6 Re1 $19 31. Be3 Rxf1+ 32. Kxf1
Rxh4 33. Nf3 Rc4 34. Ke2 Bf6 35. Nd2 Rc2 36. Kd3 Rxa2 37. Bxc5 Rxa6 38. Ne4 Be7
39. Be3 Ra3+ 40. Kc4 Ke6 41. Nc3 a6 42. Bc1 Ra1 43. Be3 Kf5 44. Nd5 Bg5 45. Bd4
Rg1 46. g3 Rc1+ 47. Kd3 Rd1+ 48. Kc4 Rb1 49. Nb4 a5 50. Nd5 Kg4 51. Kd3 Kf3 52.
Nc3 Rb3 53. Kc4 Rb4+ 54. Kd3 Rxd4+ 0-1

[Event "12ème tournoi de MI"]
[Site "?"]
[Date "2012.07.12"]
[Round "7"]
[White "Cotonnec, Melkior"]
[Black "Bernotas, Arturs"]
[Result "0-1"]
[WhiteElo "2389"]
[BlackElo "2261"]
[Annotator "Navrotescu,Catalin"]
[PlyCount "160"]

1. d4 d5 2. Nf3 Nf6 3. e3 c6 (3... Bg4) 4. c4 e6 5. Nc3 Nbd7 6. Bd3 dxc4 7.
Bxc4 b5 8. Be2 Bb7 9. e4 b4 10. e5 bxc3 11. exf6 Nxf6 12. bxc3 Bd6 13. Rb1 Qc7
14. Qb3 (14. c4 c5 15. dxc5 Bxc5 16. Bf4 Qxf4 17. Qa4+ Kf8 18. Rxb7 g6 19. O-O
Qf5 20. g3 Kg7 21. Kg2 Rhd8 22. Nh4 Qe5 23. Qc2 Rab8 24. Nf3 Qe4 25. Qxe4 Nxe4
26. Rxb8 Rxb8 27. Bd3 Nc3 28. Ne5 Bd6 29. Nc6 Rb2 30. Nxa7 Rd2 $15 {0-1
Ibrayev,N (2518)-Potkin,V (2629)/Pardubice 2008/CBM 125 Extra (39)}) 14... Rb8
15. Ba3 O-O 16. Bxd6 Qxd6 17. O-O c5 18. Qa3 Ne4 19. Rfd1 cxd4 20. Qxd6 Nxd6
21. Nxd4 Bd5 {Diagram #} 22. Nb3 (22. Nc6) 22... Rfc8 23. Rbc1 Kf8 24. Rd4 Bxb3
(24... Nf5 25. Rb4 Rxb4 26. cxb4 Rb8 27. Bc4 Rxb4 28. Bxd5 exd5 29. Rc8+ Ke7
30. Rc7+ $11) 25. axb3 Nf5 26. Rd7 Rxb3 27. c4 (27. Ra1) 27... Rb2 28. Kf1 a5
29. c5 Ke8 30. Ra7 Nd4 31. Bd1 Ra2 32. Rc4 {Diagram #} Nc6 (32... Nb5 33. Rb7
Nd6) 33. Ra6 Ke7 34. Ra4 Rb2 35. Bf3 Ne5 36. Ra7+ Kf6 37. R7xa5 Nd3 (37... Rc2
38. Be4 R2xc5 39. Rxc5 Rxc5 40. Ra2 g6) 38. Ra2 (38. c6 Rxf2+ 39. Kg1 Rc2 40.
h4 g6) 38... Rb1+ 39. Bd1 Nxc5 40. Ke2 Ne4 41. Bc2 Nc3+ 42. Kf3 Rb4 43. Ra1 Nb5
44. Bd1 Nd4+ 45. Ke3 Rd8 (45... Nf5+ 46. Ke2 Rb2+ 47. Ke1 Rd8 48. R5a2 Rdd2)
46. R1a4 Rxa4 47. Bxa4 Nf5+ 48. Ke2 Rb8 49. g4 Rb2+ 50. Kf1 Nd6 51. Bc6 g5 52.
h4 h6 53. hxg5+ hxg5 54. Ra4 Rc2 55. Be4 Rc4 56. Rxc4 Nxc4 57. Kg2 Ke5 58. Bd3
Nb2 59. Bh7 f6 60. Kf3 Kd4 61. Bg8 e5 62. Bh7 Nc4 63. Bg6 e4+ 64. Ke2 Ne5 65.
Bf5 Nd3 66. Bh7 Nf4+ 67. Kd2 Nd5 68. Ke2 Ne7 69. Kd2 Nc6 70. Ke2 Nb4 71. Kd2
Nd5 72. Ke2 Ke5 73. f3 Kf4 $1 74. fxe4 Ne3 75. Kd3 Nxg4 76. Bf5 Nf2+ 77. Kd4 g4
78. Bxg4 Nxg4 79. Kd5 Ke3 80. e5 fxe5 0-1

[Event "12ème tournoi de MI"]
[Site "?"]
[Date "2012.07.12"]
[Round "7"]
[White "Valuet, Bertrand"]
[Black "Miron, Lucian Costin"]
[Result "0-1"]
[WhiteElo "2316"]
[BlackElo "2506"]
[Annotator "Navrotescu,Catalin"]
[PlyCount "60"]

1. e4 e5 2. Nf3 Nc6 3. Bc4 Bc5 4. Nc3 Nf6 5. d3 d6 6. Bg5 $6 h6 7. Bh4 Be6 8.
Nd5 g5 $1 9. Nxg5 Nxd5 10. Nxe6 Qxh4 11. Nxc5 Ne3 $1 12. g3 Nxd1 13. gxh4 Nxb2
14. Bb3 dxc5 15. Kd2 O-O-O 16. Rab1 Na5 17. Rxb2 c6 (17... c4 18. Ba4 Rd4 19.
Kc3 cxd3 20. Rb4 Rhd8) 18. Ba4 $4 {Diagram #} Nc4+ 19. Kc3 Nxb2 20. Kxb2 $18
Rhg8 21. Bb3 Rdf8 22. h3 Rg6 23. f4 exf4 24. Rf1 Rf6 25. e5 Rf5 26. e6 f3 27.
exf7 Rf4 28. a4 b5 29. axb5 cxb5 30. Bd5 f2 0-1

[Event "12ème tournoi de MI"]
[Site "?"]
[Date "2012.07.13"]
[Round "8"]
[White "Miron, Lucian Costin"]
[Black "Bernotas, Arturs"]
[Result "1-0"]
[WhiteElo "2506"]
[BlackElo "2261"]
[Annotator "Navrotescu,Catalin"]
[PlyCount "55"]

1. d4 d5 2. c4 e6 3. Nc3 Nf6 4. cxd5 exd5 5. Bg5 c6 6. e3 Nbd7 7. Bd3 Be7 8.
Qc2 O-O 9. Nge2 Re8 10. O-O Nf8 11. f3 (11. Rae1 Be6 12. f3 Rc8 13. Kh1 N6d7
14. Bxe7 Qxe7 15. Nf4 Qd6 16. Qf2 f6 17. Nxe6 Nxe6 18. f4 Ndf8 19. e4 dxe4 20.
Nxe4 Qd5 21. Rd1 f5 22. Nc3 Qxd4 23. Bxf5 Qxf2 24. Rxf2 Rcd8 25. Rxd8 Rxd8 26.
g3 Kf7 27. Kg2 Nc5 28. Re2 g6 29. Bc2 a5 30. a3 Rd4 31. Bb1 Nfd7 32. Ba2+ Kf8
33. Kf3 Nf6 34. Re5 Nfd7 35. Re3 Nf6 36. Re5 Nfd7 37. Re2 Nf6 38. Re5 Nfd7 {1/
2-1/2 Carlsen,M (2770)-Ivanchuk,V (2746)/Leon 2009/CBM 130 Extra}) 11... Be6
12. Rad1 Rc8 13. e4 dxe4 14. fxe4 c5 $6 15. Bxf6 $1 Bxf6 16. e5 Bg5 17. d5 Bd7
{Diagram #} 18. e6 $1 fxe6 19. dxe6 Nxe6 20. Bxh7+ Kh8 21. Kh1 Rf8 22. Bf5 Qe8
23. Ne4 Nd4 24. Nxd4 cxd4 25. Bxd7 Qxd7 26. Rxf8+ Rxf8 27. Nxg5 d3 28. Qc4 1-0